000 00275nmm a2200097Ia 4500
008 220120s9999||||xx |||||||||||||||||und||
020 _a81-7722-737-8
100 _aDigit
245 0 _aAshampoo getback photo ARES commander ed., quickheal Antivir
260 _aNine dot Nine
_c2013
999 _c139862
_d139862